[Event "Moscow RGGU op"]
[Site "Moscow"]
[Date "2019.04.20"]
[Round "6"]
[White "Popov, Nikita A"]
[Black "Pugachov, Vladimir"]
[Result "0-1"]
[WhiteElo "1878"]
[BlackElo "2045"]
[PlyCount "57"]
[EventDate "2019.03.16"]
[EventType "swiss"]
[EventRounds "7"]
[EventCountry "RUS"]
[SourceTitle "CBM 190 Extra"]
[Source "ChessBase"]
[SourceDate "2019.07.15"]
[SourceVersion "1"]
[SourceVersionDate "2019.07.15"]
[SourceQuality "1"]

1. d4 d5 2. Nf3 Nf6 3. c4 c6 4. Nc3 dxc4 5. a4 Bf5 6. e3 e6 7. Bxc4 Bb4 8. 0-0 0-0 9. Re1 Nbd7 10. Bd2 Bg4 11. h3 Bh5 12. e4 Nb6 13. Bb3 Bxf3 14. Qxf3 Qxd4 15. Rad1 Qc5 16. Bf4 Qa5 17. g4 e5 18. Be3 Nfd7 19. g5 Nc5 20. Bxc5 Bxc5 21. Qf5 Qb4 22. Ba2 Qxb2 23. Rd3 Bd4 24. Rb1 Qc2 25. Rf3 Bxc3 26. Bxf7+ Kh8 27. Rb3 Qxb3 28. g6 h6 29. Qg4 0-1

[Event "Moscow RGGU op"]
[Site "Moscow"]
[Date "2019.04.06"]
[Round "4"]
[White "Pugachov, Vladimir"]
[Black "Bogdanovskiy, Maksim"]
[Result "0-1"]
[WhiteElo "2045"]
[BlackElo "2171"]
[PlyCount "78"]
[EventDate "2019.03.16"]
[EventType "swiss"]
[EventRounds "7"]
[EventCountry "RUS"]
[SourceTitle "CBM 190 Extra"]
[Source "ChessBase"]
[SourceDate "2019.07.15"]
[SourceVersion "1"]
[SourceVersionDate "2019.07.15"]
[SourceQuality "1"]

1. e4 c5 2. Nf3 Nc6 3. d4 cxd4 4. Nxd4 Nf6 5. Nc3 e5 6. Ndb5 d6 7. Bg5 a6 8. Na3 b5 9. Bxf6 gxf6 10. Nd5 f5 11. exf5 Bxf5 12. Bd3 Be6 13. Be4 Rc8 14. c3 Qh4 15. Qf3 Nd8 16. g3 Qh6 17. Nf6+ Ke7 18. Nd5+ Bxd5 19. Bxd5 Rc5 20. Nc2 Qf6 21. Qg2 Bh6 22. a4 bxa4 23. Rxa4 Qg6 24. Be4 f5 25. Bd3 a5 26. Qa8 Re8 27. Rxa5 Ne6 28. Ra7+ Kf6 29. Qb7 Rc7 30. Qb6 Rxa7 31. Qxa7 Nc5 32. Bc4 f4 33. Kd1 Qg4+ 34. Kc1 fxg3+ 35. Kb1 Qxc4 36. hxg3 Kg6 37. Rd1 Ne4 38. Qb7 Nd2+ 39. Ka1 Qa4+ 0-1

[Event "Lazy Baltic Pearl op-A 05th"]
[Site "Lazy"]
[Date "2009.06.28"]
[Round "9"]
[White "Pugachov, Vladimir"]
[Black "Adamowicz, Maciej"]
[Result "0-1"]
[WhiteElo "2130"]
[BlackElo "1862"]
[PlyCount "68"]
[EventDate "2009.06.21"]
[EventType "swiss"]
[EventRounds "9"]
[EventCountry "POL"]
[SourceTitle "CBM 131 Extra"]
[Source "ChessBase"]
[SourceDate "2009.09.03"]
[SourceVersion "2"]
[SourceVersionDate "2009.09.16"]
[SourceQuality "1"]

1. e4 c5 2. Nf3 Nc6 3. d4 cxd4 4. Nxd4 g6 5. Nc3 Bg7 6. Be3 Nf6 7. Nxc6 bxc6 8. e5 Ng8 9. f4 Nh6 10. Qf3 Bb7 11. Bd3 d5 12. Bc5 0-0 13. a3 Bc8 14. 0-0 f6 15. Qe3 Ng4 16. Qe2 fxe5 17. h3 e4 18. Nxe4 dxe4 19. Bc4+ Kh8 20. hxg4 Bd4+ 21. Bxd4+ Qxd4+ 22. Kh2 Bxg4 23. Qxg4 Qxc4 24. Rae1 Qxc2 25. Re2 Qd3 26. Rfe1 Rf7 27. Rxe4 Raf8 28. g3 Qd2+ 29. R4e2 Qd6 30. Qh4 Qf6 31. Qh3 Rd8 32. Qg2 Rd5 33. Re5 Qd6 34. Qf2 Rxe5 0-1

[Event "Lazy Baltic Pearl op-A 05th"]
[Site "Lazy"]
[Date "2009.06.25"]
[Round "4"]
[White "Pugachov, Vladimir"]
[Black "Zakoscielna, Kinga"]
[Result "1-0"]
[WhiteElo "2130"]
[BlackElo "2099"]
[PlyCount "71"]
[EventDate "2009.06.21"]
[EventType "swiss"]
[EventRounds "9"]
[EventCountry "POL"]
[SourceTitle "CBM 131 Extra"]
[Source "ChessBase"]
[SourceDate "2009.09.03"]
[SourceVersion "2"]
[SourceVersionDate "2009.09.16"]
[SourceQuality "1"]

1. Nf3 Nf6 2. g3 g6 3. Bg2 Bg7 4. 0-0 0-0 5. d3 c5 6. e4 Nc6 7. c3 d6 8. Nbd2 e5 9. Re1 Rb8 10. a4 a6 11. Nf1 b5 12. axb5 axb5 13. b3 h6 14. Bb2 b4 15. c4 Bg4 16. Ne3 Bxf3 17. Qxf3 Qd7 18. Nd5 Nxd5 19. exd5 Ne7 20. Qe2 Rfe8 21. Ra4 Nc8 22. Rea1 Kh7 23. Ra6 Rb7 24. Qf1 Ra7 25. Rxa7 Nxa7 26. Ra6 Nc8 27. Qa1 f5 28. Qa5 e4 29. Rc6 Re7 30. Bxg7 Kxg7 31. dxe4 fxe4 32. Bxe4 h5 33. f3 g5 34. Qa1+ Kg8 35. Qf6 Na7 36. Rxd6 1-0

[Event "Lazy Baltic Pearl op-A 05th"]
[Site "Lazy"]
[Date "2009.06.22"]
[Round "2"]
[White "Pugachov, Vladimir"]
[Black "Jacek, Krystian"]
[Result "1-0"]
[WhiteElo "2130"]
[BlackElo "2034"]
[PlyCount "67"]
[EventDate "2009.06.21"]
[EventType "swiss"]
[EventRounds "9"]
[EventCountry "POL"]
[SourceTitle "CBM 131 Extra"]
[Source "ChessBase"]
[SourceDate "2009.09.03"]
[SourceVersion "2"]
[SourceVersionDate "2009.09.16"]
[SourceQuality "1"]

1. e4 c5 2. Nf3 d6 3. d4 cxd4 4. Nxd4 Nf6 5. Nc3 e6 6. Be2 a6 7. a4 b6 8. f4 Nbd7 9. Bf3 Bb7 10. Qe2 Qc7 11. 0-0 Be7 12. Be3 0-0 13. Bf2 Rfe8 14. g4 Nf8 15. g5 N6d7 16. Bg3 Rac8 17. Kh1 Nc5 18. Rac1 f6 19. Qe3 Qd8 20. h4 fxg5 21. fxg5 Rc7 22. Bg4 e5 23. Nf5 b5 24. axb5 axb5 25. b4 Nce6 26. Nxb5 Rc4 27. Bf3 Rxb4 28. c4 Nc5 29. Rfd1 Rb3 30. Rc3 Rxc3 31. Nxc3 Qb8 32. Nb5 Ba6 33. Nbxd6 Bxd6 34. Nxd6 1-0

[Event "Lazy Baltic Pearl op-A 05th"]
[Site "Lazy"]
[Date "2009.06.21"]
[Round "1"]
[White "Bobras, Piotr"]
[Black "Pugachov, Vladimir"]
[Result "1-0"]
[WhiteElo "2561"]
[BlackElo "2130"]
[PlyCount "67"]
[EventDate "2009.06.21"]
[EventType "swiss"]
[EventRounds "9"]
[EventCountry "POL"]
[SourceTitle "CBM 131 Extra"]
[Source "ChessBase"]
[SourceDate "2009.09.03"]
[SourceVersion "2"]
[SourceVersionDate "2009.09.16"]
[SourceQuality "1"]

1. e4 c5 2. Nf3 g6 3. d4 Bg7 4. dxc5 Qa5+ 5. c3 Qxc5 6. Na3 Qa5 7. e5 Nc6 8. Bf4 f6 9. Nc4 Qd8 10. Qb3 fxe5 11. Ncxe5 Nxe5 12. Nxe5 d5 13. Bb5+ Kf8 14. 0-0-0 Nf6 15. Rhe1 a6 16. Bf1 e6 17. g3 Nh5 18. Bd2 Bf6 19. Bh3 Qc7 20. Bh6+ Bg7 21. Qb4+ Kg8 22. Bxg7 Kxg7 23. g4 Nf6 24. g5 Nh5 25. Qd4 Re8 26. Bg4 Kg8 27. Bxh5 gxh5 28. g6 h6 29. g7 Re7 30. Rg1 Bd7 31. Qf4 Bb5 32. Rg6 Be2 33. Rdg1 Bg4 34. Qxh6 1-0

[Event "Dmitrov Summer op"]
[Site "Dmitrov"]
[Date "2008.07.26"]
[Round "7"]
[White "Bivol, Alina"]
[Black "Pugachov, Vladimir"]
[Result "0-1"]
[WhiteElo "1831"]
[BlackElo "2088"]
[PlyCount "102"]
[EventDate "2008.07.21"]
[EventType "swiss"]
[EventRounds "9"]
[EventCountry "RUS"]
[SourceTitle "EXT 2022"]
[Source "ChessBase"]
[SourceDate "2021.10.06"]
[SourceVersion "1"]
[SourceVersionDate "2021.10.06"]
[SourceQuality "1"]

1. e4 c5 2. c3 g6 3. d4 cxd4 4. cxd4 Bg7 5. Nf3 Nf6 6. Nc3 d5 7. e5 Ne4 8. Nxe4 dxe4 9. Ng5 Nc6 10. Be3 Qa5+ 11. Qd2 Qxd2+ 12. Kxd2 Bf5 13. Bc4 0-0 14. f3 exf3 15. Nxf3 Rfd8 16. Ke2 Rac8 17. Rac1 e6 18. Rhd1 h6 19. h3 a6 20. a3 b5 21. Ba2 Bf8 22. g4 Be4 23. Nd2 Bd5 24. Bxd5 Rxd5 25. Ne4 Kg7 26. Nf6 Rdd8 27. b4 a5 28. g5 h5 29. bxa5 Bxa3 30. Rb1 b4 31. Ne4 Nxa5 32. Nd6 Rc2+ 33. Rd2 b3 34. Nb5 Bf8 35. Rxc2 bxc2 36. Rc1 Rb8 37. Nc3 Rb2 38. Na4 Ra2 39. Nc3 Rb2 40. Na4 Rb4 41. Nc5 Bxc5 42. dxc5 Rb2 43. Bd4 Ra2 44. Kd3 Nb3 45. Be3 Nxc1+ 46. Bxc1 Kf8 47. Kc3 Ra4 48. Kxc2 Ke7 49. Kb3 Rh4 50. Bd2 Kd7 51. Bb4 Kc6 0-1

[Event "Dmitrov Summer op"]
[Site "Dmitrov"]
[Date "2008.07.24"]
[Round "5"]
[White "Popelyshev, Igor Viktorovich"]
[Black "Pugachov, Vladimir"]
[Result "1-0"]
[WhiteElo "2190"]
[BlackElo "2088"]
[PlyCount "93"]
[EventDate "2008.07.21"]
[EventType "swiss"]
[EventRounds "9"]
[EventCountry "RUS"]
[SourceTitle "EXT 2022"]
[Source "ChessBase"]
[SourceDate "2021.10.06"]
[SourceVersion "1"]
[SourceVersionDate "2021.10.06"]
[SourceQuality "1"]

1. e4 c5 2. Na3 Nc6 3. Bb5 g6 4. f4 Bg7 5. Bxc6 bxc6 6. Nf3 d5 7. Qe2 a5 8. 0-0 Ba6 9. d3 Nh6 10. c4 0-0 11. Rb1 f6 12. h3 Re8 13. Be3 d4 14. Bd2 e5 15. fxe5 fxe5 16. Ng5 Bc8 17. Qe1 Be6 18. Qg3 Ra7 19. Nc2 a4 20. Ne1 Nf7 21. Nef3 Nxg5 22. Bxg5 Qd6 23. Rf2 Rf7 24. Rbf1 Ref8 25. Bc1 Kh8 26. Ng5 Rxf2 27. Rxf2 h6 28. Rxf8+ Bxf8 29. Nf3 g5 30. Qxe5+ Kh7 31. Qxd6 Bxd6 32. Bxg5 Bd7 33. Bd2 h5 34. Kf2 Kg6 35. h4 Bg4 36. g3 Bc7 37. Bf4 Ba5 38. Ne5+ Kf6 39. Nxc6 Bb6 40. Ne5 Bh3 41. g4 Bc7 42. Nd7+ Ke7 43. Bxc7 Kxd7 44. gxh5 Be6 45. h6 Bg8 46. Bb6 Kc6 47. Ba7 1-0

[Event "Dubna Cup Rating-A"]
[Site "Dubna"]
[Date "2008.07.19"]
[Round "10"]
[White "Bounin, Mikhail"]
[Black "Pugachov, Vladimir"]
[Result "0-1"]
[WhiteElo "2214"]
[BlackElo "2088"]
[PlyCount "87"]
[EventDate "2008.07.12"]
[EventType "tourn"]
[EventRounds "11"]
[EventCountry "RUS"]
[SourceTitle "EXT 2022"]
[Source "ChessBase"]
[SourceDate "2021.10.06"]
[SourceVersion "1"]
[SourceVersionDate "2021.10.06"]
[SourceQuality "1"]

1. e4 c5 2. c3 g6 3. d4 cxd4 4. Qxd4 Nf6 5. e5 Nc6 6. Qf4 Nd5 7. Qe4 Nc7 8. Nf3 Bg7 9. h4 d5 10. exd6 Qxd6 11. Bf4 e5 12. Na3 Bf5 13. Qe2 0-0-0 14. Be3 e4 15. Nd2 Bxc3 16. 0-0-0 Bf6 17. Nac4 Qe6 18. Nb3 Rxd1+ 19. Qxd1 Rd8 20. Qe1 Bg4 21. Be2 Bxe2 22. Qxe2 Nb4 23. Nc5 Nd3+ 24. Qxd3 exd3 25. Nxe6 Nxe6 26. h5 b6 27. hxg6 hxg6 28. a4 Rd7 29. Kd2 Nc5 30. Bxc5 bxc5 31. b3 Bg5+ 32. Ne3 Kb7 33. Rc1 Kb6 34. Rc4 Rd4 35. Rc3 Bxe3+ 36. fxe3 Rg4 37. Kxd3 Rxg2 38. Rc4 f5 39. b4 cxb4 40. Rxb4+ Ka5 41. Rd4 Rg4 42. Rf4 Rxf4 43. exf4 Kxa4 44. Kc4 0-1

[Event "Dubna Cup Rating-A"]
[Site "Dubna"]
[Date "2008.07.16"]
[Round "7"]
[White "Pugachov, Vladimir"]
[Black "Makhnev, Vladimir"]
[Result "1-0"]
[WhiteElo "2088"]
[BlackElo "2316"]
[PlyCount "83"]
[EventDate "2008.07.12"]
[EventType "tourn"]
[EventRounds "11"]
[EventCountry "RUS"]
[SourceTitle "EXT 2022"]
[Source "ChessBase"]
[SourceDate "2021.10.06"]
[SourceVersion "1"]
[SourceVersionDate "2021.10.06"]
[SourceQuality "1"]

1. e4 e5 2. Nf3 d6 3. d4 Bg4 4. dxe5 Nc6 5. exd6 Bxd6 6. c3 Qe7 7. Bd3 0-0-0 8. Qe2 Ne5 9. Bc2 Qf6 10. Nbd2 Bc5 11. 0-0 h6 12. Qb5 Nd7 13. Re1 a6 14. Qc4 Qb6 15. Qf1 Ngf6 16. b4 Be7 17. Nc4 Qa7 18. Be3 Qb8 19. Na5 Rhe8 20. Nd4 Qa8 21. Rab1 Bf8 22. f3 Be6 23. a4 Nb8 24. b5 axb5 25. Qxb5 b6 26. Nc4 Bxc4 27. Qxc4 Rd7 28. a5 Qxa5 29. Ba4 Bc5 30. Bxd7+ Nfxd7 31. Ra1 Bxd4 32. Rxa5 Bxe3+ 33. Rxe3 bxa5 34. Qxf7 Rd8 35. e5 Nc6 36. e6 Nf6 37. Qxg7 Ne8 38. Qxh6 Kb7 39. e7 Ra8 40. Qg5 Kb6 41. c4 Nd4 42. Qd5 1-0

[Event "Dubna Cup Rating-A"]
[Site "Dubna"]
[Date "2008.07.12"]
[Round "2"]
[White "Pugachov, Vladimir"]
[Black "Zasypkin, Alexey"]
[Result "0-1"]
[WhiteElo "2088"]
[BlackElo "2195"]
[PlyCount "58"]
[EventDate "2008.07.12"]
[EventType "tourn"]
[EventRounds "11"]
[EventCountry "RUS"]
[SourceTitle "EXT 2022"]
[Source "ChessBase"]
[SourceDate "2021.10.06"]
[SourceVersion "1"]
[SourceVersionDate "2021.10.06"]
[SourceQuality "1"]

1. e4 d5 2. e5 c5 3. c3 Nc6 4. d4 cxd4 5. cxd4 Qb6 6. Ne2 Bf5 7. a3 e6 8. Nbc3 Nge7 9. g3 Na5 10. b4 Nc4 11. Bg2 Nc6 12. Bg5 h6 13. Bc1 Be7 14. 0-0 0-0 15. h3 Rfd8 16. Na4 Qc7 17. g4 Bh7 18. Nc5 a5 19. b5 Nxd4 20. Nxb7 Nxe2+ 21. Qxe2 Rdb8 22. Nd6 Nxe5 23. Qxe5 Bxd6 24. Qe2 Qc3 25. Bd2 Qd3 26. Qe1 Rxb5 27. f4 Bc5+ 28. Kh1 Be4 29. Bxe4 Qxh3# 0-1

[Event "Moscow op-B 04th"]
[Site "Moscow"]
[Date "2008.02.09"]
[Round "8"]
[White "Shpagin, Vlas"]
[Black "Pugachov, Vladimir"]
[Result "0-1"]
[WhiteElo "2285"]
[BlackElo "2085"]
[PlyCount "92"]
[EventDate "2008.02.02"]
[EventType "swiss"]
[EventRounds "9"]
[EventCountry "RUS"]
[SourceTitle "CBM 122 Extra"]
[Source "ChessBase"]
[SourceDate "2008.03.04"]
[SourceVersion "1"]
[SourceVersionDate "2008.03.04"]
[SourceQuality "1"]

1. d4 d5 2. Bg5 g6 3. Nf3 Bg7 4. e3 Nf6 5. Bd3 b6 6. 0-0 Bb7 7. Qe2 Nbd7 8. c4 e6 9. Nc3 0-0 10. Rac1 c5 11. Rfd1 Qe7 12. cxd5 exd5 13. Ba6 Bxa6 14. Qxa6 Qe6 15. Nb5 Rfc8 16. Rc2 Qc6 17. Nc3 c4 18. Ne5 Qe6 19. Nxd7 Qxd7 20. Rdc1 Ne8 21. Bf4 h6 22. b3 g5 23. Bg3 h5 24. h3 h4 25. Bh2 Rc6 26. Qb5 Nf6 27. bxc4 a6 28. Qb4 dxc4 29. Ne2 Nd5 30. Qa3 b5 31. e4 Bf8 32. Qb2 Nb4 33. d5 Rg6 34. f4 Nd3 35. Qb1 Qa7+ 36. Kh1 Nf2+ 37. Kg1 Nxh3+ 38. Kh1 Nf2+ 39. Kg1 Nxe4+ 40. Kh1 Nf2+ 41. Kg1 Nd3+ 42. Kh1 Nf2+ 43. Kg1 g4 44. f5 Rg7 45. Kf1 g3 46. Bg1 Bc5 0-1

[Event "Moscow op-B 04th"]
[Site "Moscow"]
[Date "2008.02.07"]
[Round "6"]
[White "Pugachov, Vladimir"]
[Black "Petrushin, Alexander I"]
[Result "1-0"]
[WhiteElo "2085"]
[BlackElo "2426"]
[PlyCount "125"]
[EventDate "2008.02.02"]
[EventType "swiss"]
[EventRounds "9"]
[EventCountry "RUS"]
[SourceTitle "CBM 122 Extra"]
[Source "ChessBase"]
[SourceDate "2008.03.04"]
[SourceVersion "1"]
[SourceVersionDate "2008.03.04"]
[SourceQuality "1"]

1. Nf3 c5 2. d3 Nc6 3. g3 d5 4. Bg2 Nf6 5. Nbd2 g6 6. 0-0 Bg7 7. c3 Bg4 8. h3 Be6 9. Ng5 0-0 10. Nxe6 fxe6 11. e4 Qd6 12. Qe2 Nd7 13. a4 a6 14. Nf3 d4 15. c4 e5 16. Nh2 b5 17. b3 b4 18. Qg4 Nd8 19. f4 Nf6 20. Qh4 Nh5 21. f5 Bf6 22. Qg4 Bg7 23. Bd2 Nf7 24. fxg6 Qxg6 25. Qxg6 hxg6 26. g4 Nf4 27. Bxf4 exf4 28. Rxf4 Bh6 29. Rff1 Be3+ 30. Kh1 Ne5 31. Rad1 Rxf1+ 32. Nxf1 Bf4 33. Kg1 Rf8 34. Bh1 a5 35. Kg2 e6 36. Kg1 Kg7 37. Bg2 Rf6 38. Kf2 Be3+ 39. Kg3 Rf2 40. Nxe3 dxe3 41. Re1 Rb2 42. Rxe3 Rxb3 43. Bf1 Nxc4 44. Re1 Ne5 45. Kf4 Nxd3+ 46. Bxd3 Rxd3 47. Rc1 Rc3 48. Rxc3 bxc3 49. Ke3 c4 50. e5 g5 51. Ke2 Kf7 52. Kd1 Ke7 53. Kc2 Kd7 54. Kxc3 Kc6 55. Kxc4 Kb6 56. Kd4 Kc6 57. Ke4 Kd7 58. Kf3 Ke7 59. Kg3 Kf7 60. h4 Kg8 61. h5 Kg7 62. Kf3 Kf7 63. Ke3 1-0

[Event "Moscow op-B 04th"]
[Site "Moscow"]
[Date "2008.02.05"]
[Round "4"]
[White "Pugachov, Vladimir"]
[Black "Kovtunenko, Alexandr"]
[Result "0-1"]
[WhiteElo "2085"]
[BlackElo "2290"]
[PlyCount "104"]
[EventDate "2008.02.02"]
[EventType "swiss"]
[EventRounds "9"]
[EventCountry "RUS"]
[SourceTitle "CBM 122 Extra"]
[Source "ChessBase"]
[SourceDate "2008.03.04"]
[SourceVersion "1"]
[SourceVersionDate "2008.03.04"]
[SourceQuality "1"]

1. Nf3 Nc6 2. g3 e5 3. d3 Bc5 4. Bg2 d6 5. c3 Bg4 6. Nbd2 Qd7 7. h3 Bf5 8. e4 Bg6 9. 0-0 Nf6 10. Qe2 Bh5 11. Nb3 Bb6 12. Be3 0-0 13. g4 Bg6 14. Nh4 Nd8 15. Bg5 Ne8 16. Nf5 Ne6 17. Be3 c6 18. Rad1 Rd8 19. d4 Qc7 20. Rd2 f6 21. Rfd1 Bf7 22. Qf3 a5 23. Nc1 g6 24. Nh6+ Kg7 25. Ne2 Ng5 26. Bxg5 fxg5 27. Nxf7 Rxf7 28. Qg3 Qe7 29. Nc1 exd4 30. cxd4 Nc7 31. Qb3 Na8 32. Qc3 Kh6 33. Re1 Rdf8 34. Nd3 Nc7 35. f3 Nd5 36. Qb3 Bxd4+ 37. Nf2 Be5 38. Red1 Qf6 39. Qc4 Nc7 40. Nd3 Bd4+ 41. Kh1 c5 42. Qc2 b5 43. b3 Ne6 44. Rf1 Be3 45. Rdd1 Nd4 46. Qb2 Qe6 47. Ne1 Qe5 48. Nc2 Nxc2 49. Qxc2 Qg3 50. Rd3 Bf4 51. Kg1 c4 52. Rc3 Be5 0-1

[Event "Moscow-ch op sf"]
[Site "Moscow"]
[Date "2007.03.17"]
[Round "6"]
[White "Pugachov, Vladimir"]
[Black "Tchernyi, Viktor"]
[Result "0-1"]
[WhiteElo "2079"]
[BlackElo "2236"]
[PlyCount "30"]
[EventDate "2007.03.05"]
[EventType "swiss"]
[EventRounds "9"]
[EventCountry "RUS"]
[SourceTitle "EXT 2022"]
[Source "ChessBase"]
[SourceDate "2021.10.06"]
[SourceVersion "1"]
[SourceVersionDate "2021.10.06"]
[SourceQuality "1"]

1. Nf3 c5 2. c4 g6 3. e3 Bg7 4. Nc3 Nf6 5. Qc2 0-0 6. Be2 d5 7. cxd5 Nxd5 8. a3 b6 9. 0-0 Nc6 10. b3 Bf5 11. e4 Nf4 12. Ba6 Bg4 13. Qd1 Nd4 14. h3 Nxh3+ 15. gxh3 Bxf3 0-1

[Event "Moscow-ch op sf"]
[Site "Moscow"]
[Date "2007.03.14"]
[Round "5"]
[White "Novikov, Valeri"]
[Black "Pugachov, Vladimir"]
[Result "0-1"]
[WhiteElo "2212"]
[BlackElo "2079"]
[PlyCount "60"]
[EventDate "2007.03.05"]
[EventType "swiss"]
[EventRounds "9"]
[EventCountry "RUS"]
[SourceTitle "EXT 2022"]
[Source "ChessBase"]
[SourceDate "2021.10.06"]
[SourceVersion "1"]
[SourceVersionDate "2021.10.06"]
[SourceQuality "1"]

1. e4 c5 2. Nc3 g6 3. g3 Bg7 4. Bg2 Nc6 5. d3 Nf6 6. Nge2 d6 7. 0-0 0-0 8. Nd5 e6 9. Nxf6+ Bxf6 10. Bh6 Re8 11. c3 d5 12. Qc2 dxe4 13. dxe4 Qc7 14. Rad1 b5 15. Be3 c4 16. Nd4 Nxd4 17. cxd4 Bb7 18. d5 exd5 19. exd5 Qd6 20. h4 Bc8 21. Bf4 Be5 22. Rfe1 Bf5 23. Qd2 Bxf4 24. Qxf4 Qxf4 25. gxf4 Rxe1+ 26. Rxe1 Kf8 27. Kh2 Re8 28. Re3 b4 29. Rg3 Re2 30. a3 a5 0-1

[Event "Moscow-ch op sf"]
[Site "Moscow"]
[Date "2007.03.12"]
[Round "4"]
[White "Pugachov, Vladimir"]
[Black "Tarasov, Oleg"]
[Result "0-1"]
[WhiteElo "2079"]
[BlackElo "2277"]
[PlyCount "74"]
[EventDate "2007.03.05"]
[EventType "swiss"]
[EventRounds "9"]
[EventCountry "RUS"]
[SourceTitle "EXT 2022"]
[Source "ChessBase"]
[SourceDate "2021.10.06"]
[SourceVersion "1"]
[SourceVersionDate "2021.10.06"]
[SourceQuality "1"]

1. Nf3 d5 2. c4 c6 3. e3 Nf6 4. Qc2 e6 5. Nc3 Nbd7 6. Be2 dxc4 7. Bxc4 b5 8. Be2 Bb7 9. a3 a6 10. b4 c5 11. bxc5 Bxc5 12. d4 Be7 13. 0-0 Rc8 14. Qb3 Qb6 15. Bd2 Qa7 16. Bd3 Qa8 17. Ne1 0-0 18. f3 e5 19. Bf5 g6 20. dxe5 gxf5 21. exf6 Nxf6 22. Nc2 Rfd8 23. Nd4 f4 24. Nce2 fxe3 25. Qxe3 Nd5 26. Qf2 Qb8 27. Kh1 Qe5 28. Rfe1 Rc4 29. Nb3 Bh4 30. g3 Bf6 31. Na5 Rc7 32. Nc3 Qd4 33. Qxd4 Bxd4 34. Nxb7 Rxb7 35. Rac1 Nxc3 36. Bxc3 Bxc3 37. Rxc3 Rd2 0-1